[Event "Online Olym Div4 D"]
[Site "Chess.com INT"]
[Date "2021.08.20"]
[Round "1.2"]
[White "Frijde, Reyna"]
[Black "Bobrova, Lubov Leonidovna"]
[Result "1/2-1/2"]
[WhiteElo "1496"]
[BlackElo "1334"]
[PlyCount "39"]
[EventDate "2021.08.20"]
[EventType "team (rapid)"]
[EventRounds "11"]
[EventCountry "USA"]
[SourceTitle "CBM 203 Extra"]
[Source "ChessBase"]
[SourceDate "2021.09.30"]
[SourceVersion "1"]
[SourceVersionDate "2021.09.30"]
[SourceQuality "1"]
[WhiteTeam "Surinam"]
[BlackTeam "Senegal"]
[WhiteTeamCountry "SUR"]
[BlackTeamCountry "SEN"]

1. e4 c6 2. Nf3 d5 3. exd5 cxd5 4. d3 Bg4 5. Be2 e6 6. 0-0 Nf6 7. Nbd2 Be7 8. b3 Nbd7 9. Bb2 0-0 10. c4 a6 11. Rc1 Rc8 12. Re1 Nb6 13. Ne5 Bxe2 14. Qxe2 Nbd7 15. Ndf3 Nxe5 16. Nxe5 Bd6 17. Ng4 Be7 18. Ne5 Bd6 19. Ng4 Be7 20. Ne5 1/2-1/2

[Event "Olympiad Women-43"]
[Site "Batumi"]
[Date "2018.09.24"]
[Round "1.28"]
[White "Ferkova, Dominika"]
[Black "Frijde, Reyna"]
[Result "1-0"]
[WhiteElo "2060"]
[BlackElo "1559"]
[PlyCount "137"]
[EventDate "2018.09.24"]
[EventType "team-swiss"]
[EventRounds "11"]
[EventCountry "GEO"]
[SourceTitle "EXT 2020"]
[Source "ChessBase"]
[SourceDate "2019.10.17"]
[SourceVersion "1"]
[SourceVersionDate "2019.10.17"]
[SourceQuality "1"]
[WhiteTeam "Slovakia (W)"]
[BlackTeam "Surinam (W)"]
[WhiteTeamCountry "SVK"]
[BlackTeamCountry "SUR"]

1. d4 d5 2. c4 e6 3. Nc3 Nf6 4. Nf3 Nbd7 5. Bg5 Be7 6. e3 0-0 7. Bd3 c6 8. 0-0 b6 9. Rc1 Bb7 10. Qe2 c5 11. Rfd1 Rc8 12. b3 Ne4 13. Bxe7 Qxe7 14. Ne5 Nxe5 15. dxe5 Nxc3 16. Rxc3 dxc4 17. Bxc4 Rfd8 18. Rcd3 Rxd3 19. Qxd3 h6 20. f4 Qc7 21. Qd7 a6 22. Qxc7 Rxc7 23. Rd8+ Kh7 24. a4 g6 25. Rd6 b5 26. axb5 axb5 27. Bxb5 Kg7 28. Kf2 Bd5 29. Bc4 Be4 30. g3 h5 31. Ke2 Rc8 32. Ra6 Kf8 33. Ra5 Ke7 34. Bd3 Bd5 35. Bc2 Rc7 36. e4 Bb7 37. Bd3 Kd8 38. Ke3 Kc8 39. Bc4 Kd8 40. Ra7 Kc8 41. Ra5 Kd8 42. h3 Bc8 43. Ra8 Ke7 44. Kd2 Bb7 45. Ra7 Kd8 46. Bd3 Rd7 47. Kc3 Kc8 48. Ra5 Rc7 49. Ba6 Bxa6 50. Rxa6 Kb7 51. Rd6 Rc6 52. Rd7+ Rc7 53. Rd8 Kc6 54. Kc4 Kb6 55. Rb8+ Kc6 56. Rd8 Kb6 57. Rd6+ Ka5 58. h4 Rb7 59. Rd8 Rc7 60. Rb8 Ka6 61. Rb5 Rc6 62. Rxc5 Rb6 63. Rc7 Rb7 64. Rxb7 Kxb7 65. Kb5 Kc7 66. Ka6 Kb8 67. b4 Kc7 68. b5 Kb8 69. Kb6 1-0

[Event "Olympiad Women-41"]
[Site "Tromsoe"]
[Date "2014.08.03"]
[Round "2.1"]
[White "Meghara, Lylia"]
[Black "Frijde, Reyna"]
[Result "1-0"]
[WhiteElo "1811"]
[BlackElo "1607"]
[PlyCount "59"]
[EventDate "2014.08.02"]
[EventType "team-swiss"]
[EventRounds "11"]
[EventCountry "NOR"]
[SourceTitle "CBM 162"]
[Source "ChessBase"]
[SourceDate "2014.09.17"]
[SourceVersion "1"]
[SourceVersionDate "2014.09.17"]
[SourceQuality "1"]
[WhiteTeam "Algeria (W)"]
[BlackTeam "Surinam (W)"]
[WhiteTeamCountry "ALG"]
[BlackTeamCountry "SUR"]

1. e4 c5 2. Nf3 Nc6 3. d4 cxd4 4. Nxd4 g6 5. Nc3 Bg7 6. Be3 d6 7. Bc4 Nf6 8. Bb3 Bd7 9. f3 0-0 10. Qd2 a5 11. a4 Rc8 12. g4 Ne5 13. Qe2 Ne8 14. h4 Nc6 15. Nxc6 Rxc6 16. Qd2 Nc7 17. h5 Be6 18. Bh6 Bxb3 19. Bxg7 Kxg7 20. cxb3 Rh8 21. Nd5 Nxd5 22. exd5 Rc5 23. Rc1 Rxc1+ 24. Qxc1 f6 25. h6+ Kf7 26. Qe3 Qc8 27. Kd2 Qc5 28. Qe6+ Ke8 29. Re1 Qc7 30. Rc1 1-0